书目信息 |
| 题名: |
有机化学
|
|
| 作者: | 杨建奎 , 张薇 主编 | |
| 分册: | ||
| 出版信息: | 北京 化学工业出版社 2019重印 |
|
| 页数: | 294页 | |
| 开本: | 26cm | |
| 丛书名: | ||
| 单 册: | ||
| 中图分类: | O62-43 | |
| 科图分类: | ||
| 主题词: | 有机化学--you ji hua xue--高等学校--教材 | |
| 电子资源: | ||
| ISBN: | 978-7-122-22865-9 | |
| 000 | 00960nam0 2200301 45 | |
| 001 | 012001002411 | |
| 005 | 20140101090212.0 | |
| 010 | @a978-7-122-22865-9@dCNY36.00 | |
| 099 | @aCAL 012015029122 | |
| 100 | @a20150324d2015 em y0chiy50 ea | |
| 101 | 0 | @achi |
| 102 | @aCN@b110000 | |
| 105 | @aak a 000yy | |
| 106 | @ar | |
| 200 | 1 | @a有机化学@Ayou ji hua xue@f杨建奎, 张薇主编 |
| 210 | @a北京@c化学工业出版社@d2019重印 | |
| 215 | @a294页@c图@d26cm | |
| 312 | @a英文并列题名取自封面 | |
| 320 | @a有书目 (第294页) | |
| 330 | @a本书共分14章,主要介绍了烃类、烃的衍生物和天然有机化合物的基本概念、理论和基本反应等有机化学知识。 | |
| 333 | @a普通高等教育“十二五”规划教材 | |
| 510 | 1 | @aOrganic chemistry@zeng |
| 606 | 0 | @a有机化学@Ayou ji hua xue@x高等学校@j教材 |
| 690 | @aO62-43@v5 | |
| 701 | 0 | @a杨建奎@Ayang jian kui@4主编 |
| 701 | 0 | @a张薇@Azhang wei@4主编 |
| 801 | 0 | @aCN@b北京卓展@c20191020 |
| 905 | @b1203343-6@dO62-43@e256@f4 | |
| 有机化学/杨建奎, 张薇主编.-北京:化学工业出版社,2019重印 |
| 294页:图;26cm |
| 使用对象:普通高等教育“十二五”规划教材 |
| ISBN 978-7-122-22865-9:CNY36.00 |
| 本书共分14章,主要介绍了烃类、烃的衍生物和天然有机化合物的基本概念、理论和基本反应等有机化学知识。 |
| ● |
| 相关链接 |
|
|
|
|
正题名:有机化学
索取号:O62-43/256
 
预约/预借
| 序号 | 登录号 | 条形码 | 馆藏地/架位号 | 状态 | 备注 |
| 1 | 1203343 | 212033431 | 第二样本阅览室/ [索取号:O62-43/256] | 在馆 | |
| 2 | 1203344 | 212033440 | 第三借阅区/ [索取号:O62-43/256] | 在馆 | |
| 3 | 1203345 | 212033459 | 第三借阅区/ [索取号:O62-43/256] | 在馆 | |
| 4 | 1203346 | 212033468 | 第三借阅区/ [索取号:O62-43/256] | 在馆 |